00998cam a22003257a 45000010005000000030006000050050017000110080041000280100017000690200018000860200018001040350013001220400023001350500016001580820011001741000019001852450071002042600045002753000047003203360026003673370028003933380027004214900024004485050007004725200050004795210018005295210018005476500016005658560091005818481FISKH20250915141102.0110308s2012 flua j 000 1 eng  a 2011924705 a9781617418242 a9781612360287 a16682964 aDLCcDLCdDLCbeng aPZ7.K666 EB a813.541 aKoontz, Robin.14aThe king's new clothes /cwritten and illustrated by Robin Koontz. aVero Beach :bRourke Publishing,c 2012. a24 pages : bcolor illustrations ; c21 cm atextbtxt2rdacontent aunmediatedbn2rdamedia avolumebnc2rdacarrier0 aLittle birdie books aN  aThis Advanced Reader Retells A Classic Story.8 a570 bLexile 8 aN bRaz-Plus  aFairy Tale 423Publisher descriptionuhttp://www.loc.gov/catdir/enhancements/fy1409/2011924705-d.html